Ciencias sociales : (Registro nro. 9426)

Detalles MARC
000 -LIDER
fixed length control field 01517nam a2200337 a 4500
001 - NÚMERO DE CONTROL
Identificador de número de control 000038917
003 - IDENTIFICACDOR DE NÚMERO DE CONTROL
control field DO-SdBNP
005 - DATE AND TIME OF LATEST TRANSACTION
control field 20160330112254.0
007 - CAMPOS FIJOS DE DESCRIPCIÓN FÍSICA
fixed length control field 000038917
008 - ELEMENTOS DE LONGITUD FIJA
fixed length control field 150130s2012 dr acd 000 0 spa d
020 ## - ISBN
International Standard Book Number 9789945173772
040 ## - FUENTE DE CATALOGACIÓN
Agencia que crea de manera original el registro BPMSU
Idioma de catalogación spa
Agencia que realiza la transcripción BPMSU
092 ## - LOCALLY ASSIGNED DEWEY DECIMAL CALL NUMBER
Número de clasificación 372.83
Número de ítem (Cutter) C569s 3ro
245 00 - MENCIÓN DE TITULO
Título Ciencias sociales :
Subtítulo educación básica /
Mención de responsabilidad colaboración Clara Dobarro; dirección editorial Doris Arroba Jácome, coordinación editorial Anna Rogero Soler
260 ## - PUBLICACIÓN, DISTRIBUCIÓN, ETC. (PIE DE IMPRENTA)
Lugar de publicación, distribución, etc Santo Domingo :
Nombre del editor, distribuidor, etc. SM,
Fecha de publicación, distribución, etc 2012.
300 ## - DESCRIPCIÓN FÍSICA
Extensión 167 p. :
Otros detalles físicos il., retrs., mapas ;
Dimensiones 29 cm.
490 1# - MENCIÓN DE SERIES
Mención de serie Proyecto Sé
505 0# - NOTA DE CONTENIDO
Título En las aguas del Caribe --
-- Los paisajes de República Dominicana --
-- Pueblos y ciudades de mis isla --
-- Historias y tradiciones --
-- El trabajo es importante para los municipios --
-- Los municipios se necesitan --
-- Cómo es la población dominicana --
-- Habitantes de la isla en el pasado --
-- Normas y leyes para vivir mejor --
-- Compartimos derechos y deberes --
650 ## - ENCABEZAMIENTO DE MATERIA--TEMÁTICO
Término temático o nombre geográfico como elemento de entrada CIENCIAS SOCIALES
Subdivisión temática general ENSEÑANZA ELEMENTAL
650 ## - ENCABEZAMIENTO DE MATERIA--TEMÁTICO
Término temático o nombre geográfico como elemento de entrada EDUCACIÓN PRIMARIA
650 #4 - ENCABEZAMIENTO DE MATERIA--TEMÁTICO
Término temático o nombre geográfico como elemento de entrada CIENCIAS SOCIALES
Subdivisión temática general ESTUDIO Y EJERCICIOS
700 12 - ASIENTO SECUNDARIO -- NOMBRE PERSONAL
Nombre personal Arroba Jácome, Doris
Mención de responsabilidad ed.
700 12 - ASIENTO SECUNDARIO -- NOMBRE PERSONAL
Nombre personal Dobarro, Clara
700 ## - ASIENTO SECUNDARIO -- NOMBRE PERSONAL
Nombre personal Anna Rogero Soler ;
Mención de responsabilidad ed.
830 #0 - ASIENTO SECUNDARIO DE SERIE--TÍTULO UNIFORME
Título uniforme Proyecto Sé
910 ## - VALIDACIÓN
Validación Validado. Control de calidad MFF
930 #1 - EQUIVALENCE OR CROSS-REFERENCE-UNIFORM TITLE HEADING [LOCAL, CANADA]
Language of a work BND01
Medium of performance for music LF1
Field link and sequence number 20130506
Date of a work 01
Name of part/section of a work HD
Miscellaneous information 36709
942 ## - ADDED ENTRY ELEMENTS (KOHA)
Source of classification or shelving scheme Dewey Decimal Classification
Koha item type Libros
956 ## - LOCAL ELECTRONIC LOCATION AND ACCESS (OCLC)
Nombre de host YLOCKWARD
Número de acceso 10
Información de compresión 20150603
Inicio de sesión BND01
Procesador de solicitud 1156
956 ## - LOCAL ELECTRONIC LOCATION AND ACCESS (OCLC)
Nombre de host VMATEO
Número de acceso 10
Información de compresión 20150605
Inicio de sesión BMET02
Procesador de solicitud 00151
Existencias
Withdrawn status Lost status Source of classification or shelving scheme Damaged status Not for loan Collection code Home library Current library Date acquired Source of acquisition Total Checkouts Full call number Barcode Date last seen Price effective from Koha item type Copy number
    Dewey Decimal Classification       Biblioteca Pública Metropolitana Salomé Ureña Biblioteca Pública Metropolitana Salomé Ureña 03/30/2016 Depósito Legal   372.83 C569s 3ro. BPMSU16030324 03/30/2016 03/30/2016 Libros  
    Dewey Decimal Classification       Biblioteca Pública Metropolitana Salomé Ureña Biblioteca Pública Metropolitana Salomé Ureña 03/30/2016 Depósito Legal   372.83 C569s 3ro BPMSU16030325 03/30/2016 03/30/2016 Libros ej. 2
    Dewey Decimal Classification       Biblioteca Pública Metropolitana Salomé Ureña Biblioteca Pública Metropolitana Salomé Ureña 03/30/2016 Depósito Legal   372.83 C569s 3ro BPMSU16030326 03/30/2016 03/30/2016 Libros ej. 3